LEADER 01647nam a2200301 u 4500 001 000000119510 003 CaOOAMICUS 005 20100126090943.0 008 100125t2008 it u000 u ita u 020 $a978-88-8443-255-1 040 $aPUL$bita$dReb 110 2 $aFacoltą di Giurisprudenza$bConvegno$c(Trento :$d2006).$0(OLS)http://pul/name/74690 245 10$aBioetica e confessioni religiose :$batti del Convegno tenuto presso la Facoltą di giurisprudenza di Trento il 12 maggio 2006 /$ca cura di Erminia Camassa e Carlo Casonato. 260 $aTrento :$bUniversitą degli Studi di Trento,$c©2008. 300 $avi, 246 p. ;$c24 cm 490 1 $aQuaderni del Dipartimento ;$v76 504 $aBibliografia in nota. 650 4$aBioetica$vCongressi.$0(OLS)http://pul/subject/8227 650 4$aBioetica e religione.$0(OLS)http://pul/subject/36334 700 1 $aCasonato, Carlo.$0(OLS)http://pul/name/64346 700 1 $aCamassa Aurea, Erminia.$0(OLS)http://pul/name/37582 830 0$aQuaderni del Dipartimento di scienze giuridiche (Universitą degli studi di Trento) ;$v76.$0(OLS)http://pul/title/70661 850 $aPUL 852 $aPUL$W1$xSL Diritto e Scienze Sociali 3$y79$m344. 45 CAMER 1$j137105$qDDC 21$B136173$CPULBib$Z2$F136173 $H112022 $82 941 1 $a9 996 $6020$a978-88-8443-255-1$9(OLS)http://pul/number/143107 996 $6245$aBioetica e confessioni religiose :$batti del Convegno tenuto presso la Facoltą di giurisprudenza di Trento il 12 maggio 2006$9(OLS)http://pul/title/150373 996 $6260$aTrento :$bUniversitą degli Studi di Trento$9(OLS)http://pul/publisher/81083 LEADER 01453nam a2200301 a 4500 001 000000157803 003 CaOOAMICUS 005 20170112110631.0 006 a 000 u 008 170111s2016 it u000 u ita r 032 $aLibriCat 040 $aPUL$bita 100 1 $aSolera, Roberto.$0(OLS)http://pul/name/100728 245 10$aCuria romana semper reformanda:$banalisi del processo in corso d'opera nel primo triennio di pontificato di Francesco /$cRoberto Solera. 260 $aRoma :$b[s.n.],$c2016. 300 $a171 p.;$c24 cm 500 $aIn testa al front: Pontificia Universitas Lateranensis. Facultas Iuris Canonici. 502 $aTesi-- Pontificia Universitas Lateranensis--Facoltą di Diritto Canonico, 2016. 504 $aBibliografia: p. [135]-168. 650 4$aCuria Romana$xStoria.$0(OLS)http://pul/subject/10982 650 4$aCuria Romana$xRiforma$yXXI sec.$0(OLS)http://pul/subject/44126 710 2 $aPontificia Universitą Lateranense.$bFacoltą di diritto canonico.$kTesi.$0(OLS)http://pul/name/81682 850 $aPUL 852 $aPUL$W1$xDP1 Tesi Pon Univ. Lateranense$y41$m2016 C 39$j181137$qTesi$B184269$CPULBib$Z2$F184269 $82 941 1 $a16 996 $6245$aCuria romana semper reformanda:$banalisi del processo in corso d'opera nel primo triennio di pontificato di Francesco$9(OLS)http://pul/title/197398 996 $6260$aRoma :$b[s.n.]$9(OLS)http://pul/publisher/47958